MARC details
| 000 -LEADER |
| fixed length control field |
01017nam a22002297a 4500 |
| 003 - CONTROL NUMBER IDENTIFIER |
| control field |
OSt |
| 005 - DATE AND TIME OF LATEST TRANSACTION |
| control field |
20250820151236.0 |
| 008 - FIXED-LENGTH DATA ELEMENTS--GENERAL INFORMATION |
| fixed length control field |
241010b |||||||| |||| 00| 0 eng d |
| 040 ## - CATALOGING SOURCE |
| Transcribing agency |
0 |
| 082 ## - DEWEY DECIMAL CLASSIFICATION NUMBER |
| Classification number |
DPer 613.705 J826 January-December 2020 v. 91 n. 1-9 |
| 100 ## - MAIN ENTRY--PERSONAL NAME |
| Personal name |
Houston-Wilson, Cathy. |
| Relator term |
author. |
| 9 (RLIN) |
62741 |
| 245 ## - TITLE STATEMENT |
| Title |
A needs assessment for inclusive physical education : |
| Remainder of title |
a tool for professional development / |
| Statement of responsibility, etc. |
Cathy Houston-Wilson and Lauren J. Lieberman. |
| 260 ## - PUBLICATION, DISTRIBUTION, ETC. (IMPRINT) |
| Place of publication, distribution, etc. |
Virginia ; |
| Name of publisher, distributor, etc. |
American Alliance for Health , |
| Date of publication, distribution, etc. |
September 2020. |
| 300 ## - PHYSICAL DESCRIPTION |
| Extent |
Volume 91, pages 43-48 : |
| Other physical details |
illustration ; |
| Dimensions |
28 cm. |
| 500 ## - GENERAL NOTE |
| General note |
The Journal of Physical Education Recreation & Dance, vol. 91, no. 7, pages 43-48, September 2020. |
| 650 #0 - SUBJECT ADDED ENTRY--TOPICAL TERM |
| Topical term or geographic name as entry element |
Adapted physical education. |
| 9 (RLIN) |
66978 |
| 650 #0 - SUBJECT ADDED ENTRY--TOPICAL TERM |
| Topical term or geographic name as entry element |
Paraprofessional school personnel. |
| 9 (RLIN) |
66979 |
| 650 #0 - SUBJECT ADDED ENTRY--TOPICAL TERM |
| Topical term or geographic name as entry element |
Students with disabilities -- Education. |
| 9 (RLIN) |
38299 |
| 700 ## - ADDED ENTRY--PERSONAL NAME |
| Personal name |
Houston-Wilson, Cathy. |
| Relator term |
author. |
| 9 (RLIN) |
62741 |
| 700 ## - ADDED ENTRY--PERSONAL NAME |
| Personal name |
Lieberman, Lauren J. |
| Relator term |
author. |
| 9 (RLIN) |
59923 |
| 942 ## - ADDED ENTRY ELEMENTS (KOHA) |
| Source of classification or shelving scheme |
Dewey Decimal Classification |
| Koha item type |
Periodicals |